00480nam a2200145Ia 4500008004100000082001600041100002700057245002100084260004000105300001000145600001000155942000700165952014500172999001700317250826s9999 xx 000 0 und d a297.577 KEL aKelani, Muhammad Iqbal 0aTalaaq ke Masail aLahore:bhadees Publications,c1987 a104p. aIslam cGB 00104070aUITUbUITUcGIFd2025-08-26eGifted by Anonymousl0o297.577 KELpG365r2025-08-26 13:20:59w2025-08-26yGBzGifted by Anonymous c31533d31533